Càlcul d' elements de màquines
Publicado:
Barcelona :
Extensió d' Ensenyament Tècnic, escola per correspondència de la Generalitat de Catalunya ,
1937
Descripción Física:
165 p. : il. ; 23 cm
Otros Autores:
Catalunya. Extensió d'Ensenyament Tècnic
MARC
| LEADER | 00000nam a2200000Ia 4500 | ||
|---|---|---|---|
| 001 | 8120 | ||
| 008 | 160829s1937 xx 000 0 cat d | ||
| 010 | |a 51519 | ||
| 080 | |a C-1-494 | ||
| 245 | |a Càlcul d' elements de màquines | ||
| 260 | |a Barcelona : |b Extensió d' Ensenyament Tècnic, escola per correspondència de la Generalitat de Catalunya, |c 1937 | ||
| 300 | |a 165 p. : |b il. ; |c 23 cm | ||
| 650 | |a Maquinària |9 27630 | ||
| 650 | |a Mecànica |9 30507 | ||
| 700 | |a Catalunya. Extensió d'Ensenyament Tècnic |9 20004 | ||
| 710 | 1 | |a Catalunya. |b Generalitat |9 12125 | |
| 856 | 4 | |u https://media.diba.cat/diba/fitxers/arxiu/mancomunitat/bib_8120_baixa.pdf |y Accés lliure | |
| 856 | |u https://bibliotecageneral.diba.cat/Arxiu/bib_8120_baixa.pdf | ||
| 901 | |a Arxiu | ||
| 942 | |n 1 |2 udc | ||
| 952 | |0 0 |1 0 |4 0 |6 C1494 |7 1 |9 47720 |a Arxiu |b Arxiu |d 2016-12-01 |l 0 |o C-1-494 |p 8120 |r 2016-12-01 00:00:00 |w 2016-12-01 |y ARXIU | ||
| 999 | |c 51519 |d 51519 | ||
| 900 | |a bib_8120_baixa.pdf | ||